<?xml version="1.0" encoding="UTF-8"?><?xml-stylesheet type="text/xsl" href="static/style.xsl"?><OAI-PMH xmlns="http://www.openarchives.org/OAI/2.0/" xmlns:xsi="http://www.w3.org/2001/XMLSchema-instance" xsi:schemaLocation="http://www.openarchives.org/OAI/2.0/ http://www.openarchives.org/OAI/2.0/OAI-PMH.xsd"><responseDate>2026-04-18T06:41:20Z</responseDate><request verb="GetRecord" identifier="oai:www.recercat.cat:10459.1/468790" metadataPrefix="marc">https://recercat.cat/oai/request</request><GetRecord><record><header><identifier>oai:recercat.cat:10459.1/468790</identifier><datestamp>2025-10-20T18:51:34Z</datestamp><setSpec>com_2072_3622</setSpec><setSpec>col_2072_479130</setSpec></header><metadata><record xmlns="http://www.loc.gov/MARC21/slim" xmlns:dcterms="http://purl.org/dc/terms/" xmlns:xsi="http://www.w3.org/2001/XMLSchema-instance" xmlns:doc="http://www.lyncode.com/xoai" xsi:schemaLocation="http://www.loc.gov/MARC21/slim http://www.loc.gov/standards/marcxml/schema/MARC21slim.xsd">
   <leader>00925njm 22002777a 4500</leader>
   <datafield ind2=" " ind1=" " tag="042">
      <subfield code="a">dc</subfield>
   </datafield>
   <datafield ind2=" " ind1=" " tag="720">
      <subfield code="a">Romaña Díaz, Jose Alberto</subfield>
      <subfield code="e">author</subfield>
   </datafield>
   <datafield ind2=" " ind1=" " tag="720">
      <subfield code="a">Munhoz, Angélica</subfield>
      <subfield code="e">author</subfield>
   </datafield>
   <datafield ind2=" " ind1=" " tag="720">
      <subfield code="a">Jové Monclús, Glòria</subfield>
      <subfield code="e">author</subfield>
   </datafield>
   <datafield ind2=" " ind1=" " tag="260">
      <subfield code="c">2024</subfield>
   </datafield>
   <datafield ind2=" " ind1=" " tag="520">
      <subfield code="a">Esta propuesta se aproxima a las disciplinas impartidas en los cursos de graduación: 1) Construcción de Contextos Educativos, de la Universidad de Lleida, CAT, España; y, 2) Seminario y Taller, Arte para no artistas: experimentaciones pedagógicas, de las licenciaturas en Pedagogía y Letras de Univates, Lajeado, RS, Brasil. En ambas materias se buscó problematizar la ínfima existencia de procesos creativos en la formación docente, y la idea tecnicista del arte, que evidencia una limitada comprensión de la noción de formación docente creativa (MARTINS, 2014; LOPONTE, 2017). El objetivo durante estas formaciones fue explorar cómo el proceso colaborativo de construcción de un acervo estético puede contribuir a una formación inicial de docentes más creadora. Tomamos los presupuestos teóricos de archivo de Foucault (2008), y la formación inicial docente como compleja configuración de las formas de funcionamiento de lo subjetivo y modos de relacionarse consigo mismo y con el mundo. (Farina, 2008; Dalla Zen, 2017). La construcción del acervo, en España y Brasil, se construyó a partir de la siguiente pregunta: ¿cómo brindar experiencias estéticas en una enseñanza y aprendizaje que quiere ser creativa? Así, pensamos que una mayor inmersión, un contacto asiduo y una contaminación estética, el contacto e interacción con diferentes expresiones artísticas trabajadas en clase, puede dar como resultado una mirada sensible, más estética y poética, en una formación inicial creadora.</subfield>
   </datafield>
   <datafield ind1="8" ind2=" " tag="024">
      <subfield code="a">http://hdl.handle.net/10459.1/468790</subfield>
   </datafield>
   <datafield tag="653" ind2=" " ind1=" ">
      <subfield code="a">Formación Inicial del Profesorado,</subfield>
   </datafield>
   <datafield tag="653" ind2=" " ind1=" ">
      <subfield code="a">Creación</subfield>
   </datafield>
   <datafield tag="653" ind2=" " ind1=" ">
      <subfield code="a">Archivo</subfield>
   </datafield>
   <datafield tag="653" ind2=" " ind1=" ">
      <subfield code="a">Enseñanza</subfield>
   </datafield>
   <datafield ind2="0" ind1="0" tag="245">
      <subfield code="a">Experimentações Pedagógicas: De Um ArquivoAcervo Estético-Artístico Numa Formação Inicial Docente Criadora</subfield>
   </datafield>
   <datafield ind2="0" ind1="0" tag="245">
      <subfield code="a">Experimentaciones Pedagógicas: De Un Archivo-Acervo Estético-Artístico En Una Formación Inicial Docente Creadora</subfield>
   </datafield>
</record></metadata></record></GetRecord></OAI-PMH>